000 00286nam a2200097 4500
245 _aJane Austen and her predecessors
_cFrank W. Bradbrook
100 _aBradbrook, Frank W.
260 _aCambridge
_bCambridge University Press
_cc1967
300 _aviii ,178p. ;22cm.
082 _a823.7
_bAUS/BRA
999 _c1021
_d1021